Las mocedades del Cid (Record no. 172264)

MARC details
000 -LEADER
campo de control de longitud fija 00790nam a2200205 i 4500
001 - NÚMERO DE CONTROL
campo de control 172264
003 - IDENTIFICADOR DE NÚMERO DE CONTROL
campo de control ES-MaACL
005 - FECHA Y HORA DE LA ÚLTIMA TRANSACCIÓN
campo de control 20250919133022.0
008 - DATOS DE LONGITUD FIJA--INFORMACIÓN GENERAL
campo de control de longitud fija 090622s1933 fr |||| | fre d
080 ## - NÚMERO DE LA CLASIFICACIÓN DECIMAL UNIVERSAL
Número de la Clasificación Decimal Universal 821.134.2-2"16"
100 1# - ENTRADA PRINCIPAL--NOMBRE DE PERSONA
Nombre de persona Castro, Guillén de.
9 (RLIN) 36858
245 14 - MENCIÓN DEL TÍTULO
Título Las mocedades del Cid
Resto del título : comedia primera en tres actos /
Mención de responsabilidad, etc. Guillén de Castro ; publiée avec une introduction, des notes et un appendice par Camille Pitollet.
260 ## - PUBLICACIÓN, DISTRIBUCIÓN, ETC.
Lugar de publicación, distribución, etc. Paris :
Nombre del editor, distribuidor, etc. A. Hatier,
Fecha de publicación, distribución, etc. 1933.
300 ## - DESCRIPCIÓN FÍSICA
Extensión 111 p. ;
Dimensiones 18 cm.
490 1# - MENCIÓN DE SERIE
Mención de serie Les classiques pour tous ;
Designación de volumen o secuencia 379
700 1# - ENTRADA AGREGADA--NOMBRE PERSONAL
Nombre de persona Pitollet, Camille,
Fechas asociadas al nombre 1874-1964
9 (RLIN) 92417
830 0# - PUNTO DE ACCESO ADICIONAL DE SERIE-TÍTULO UNIFORME
Título uniforme Les classiques pour tous ;
Designación de volumen o secuencia 379
9 (RLIN) 189070
852 4# - LOCALIZACIÓN
Ubicación ES-MaACL
Número de control de estantería E-12716
itemnumber R.139413
Nota libre . - Biblioteca Jacinto Martínez Lacalle
Holdings
Estatus retirado Estado de pérdida Estado de daño No para préstamo Biblioteca de origen Biblioteca actual Ubicación en estantería Fecha de adquisición Fuente de adquisición Total de préstamos Signatura topográfica completa Código de barras Visto por última vez Precio de reemplazo Tipo de ítem Koha
        Biblioteca del Ateneo de Madrid Biblioteca del Ateneo de Madrid Depósito 2 22/06/2009     E-12716 1180780 23/02/2023 23/02/2023 Libro impreso